• 首页
  • 本馆介绍
  • 公告通知
  • 最新文献
  • 馆藏检索
  • 电子资源
  • 读者导购
  • 参考咨询
  • 我的图书馆
  • 登录
  • 详细信息显示
  • 放入我的书架
  • 预约/预借图书
  • 作者相关作品
  • 分类相关作品
  • 丛书相关作品
  • 出版社相关作品

书目信息

  • 表格格式
  • 工作单格式
  • 卡片格式
题名:
女人的房间
    
 
作者: 彭怡平 文
分册:  
出版信息: 北京   中央编译出版社  2016
页数: 11,351页
开本: 25cm
丛书名:
单 册:
中图分类: C913.68
科图分类:
主题词: 女性--nv xing--社会生活--研究--世界
电子资源:
ISBN: 978-7-5117-3014-5
000 00811nam0 22002411 450
001 0119165250
005 20170619165250.0
010    @a978-7-5117-3014-5@dCNY98.00
100    @a20160719d2016 em y0chiy50 ea
101 0  @achi
102    @aCN@b110000
105    @aa z 000yy
106    @ar
200 1  @a女人的房间@9nv ren de fang jian@dHeroom@f彭怡平文·摄影@zeng
210    @a北京@c中央编译出版社@d2016
215    @a11,351页@c彩图,彩照@d25cm
330    @a本书作者通过采访10个国家数十位女子,并拍摄她们的房间,展现了不同国家的女人的社会地位、文化传统,以及这些女人的内在世界。
510 1  @aHeroom@zeng
606 0  @a女性@9nv xing@x社会生活@x研究@y世界
690    @aC913.68@v5
701  0 @a彭怡平@9peng yi ping@c(女)@4文@4摄影
801  0 @aCN@b百万庄@c20170616
905    @b1011093-8@dC913.68@e1035@f6
    
    女人的房间=Heroom/彭怡平文·摄影.-北京:中央编译出版社,2016
    11,351页:彩图,彩照;25cm
    
    
    ISBN 978-7-5117-3014-5:CNY98.00
    本书作者通过采访10个国家数十位女子,并拍摄她们的房间,展现了不同国家的女人的社会地位、文化传统,以及这些女人的内在世界。
●
相关链接 在E读中查询图书 在五车中查询图书 在当当中查询图书 在豆瓣中查询图书


正题名:女人的房间     索取号:C913.68/1035         预约/预借

序号 登录号 条形码 馆藏地/架位号 状态 备注
1 1011093   210110930   第一样本阅览室/ [索取号:C913.68/1035] 在馆    
2 1011094   210110949   教育系资料室/ [索取号:C913.68/1035] 在馆    
3 1011095   210110958   教育系资料室/ [索取号:C913.68/1035] 在馆    
4 1011096   210110967   教育系资料室/ [索取号:C913.68/1035] 在馆    
5 1011097   210110976   第一借阅区/ [索取号:C913.68/1035] 在馆    
6 1011098   210110985   第一借阅区/ [索取号:C913.68/1035] 在馆    
唐山师范学院图书馆 欢迎您!
大连网信软件有限公司© 版权所有